Т. 84, вып. 4; Успехи химии

書目詳細資料
Parent link:Успехи химии: обзорный журнал по химии/ Российская академия наук (РАН). Т. 84, вып. 4.— , 1932-
語言:俄语
出版: 2015
格式: 圖書
KOHA link:https://koha.lib.tpu.ru/cgi-bin/koha/opac-detail.pl?biblionumber=543801

MARC

LEADER 00000nam2a2200000 4500
001 543801
005 20231101115320.0
035 |a (RuTPU)RU\TPU\prd\235313 
090 |a 543801 
100 |a 20150428a19329999k y0rusy50 ca 
101 0 |a rus 
102 |a RU 
200 0 |a Т. 84, вып. 4 
210 |d 2015 
461 1 |0 (RuTPU)RU\TPU\prd\400  |t Успехи химии  |o обзорный журнал по химии  |f Российская академия наук (РАН)  |v Т. 84, вып. 4  |d 1932- 
801 0 |a RU  |b 63413507  |c 20010227  |g PSBO 
801 1 |a RU  |b 63413507  |c 20150428 
801 2 |a RU  |b 63413507  |c 20230623  |g RCR 
942 |c BK 
999 |a НТБ_ТПУ  |b НФ  |e -1/20150112  |p П-3041  |s 6/20141120  |u 0,00  |v 1